Millennials in the child support program /

Bibliographic Details
Main Author: Sorensen, Elaine (Author)
Format: Government Document eBook
Language:English
Published: [Washington, D.C.] : Office of Child Support Enforcement, 2020.
Series:Story behind the numbers.
Subjects:
Online Access:https://purl.fdlp.gov/GPO/gpo138584

MARC

Tag First Indicator Second Indicator Subfields
LEADER 00000cam a2200000Ii 4500
001 in00004148305
005 20201020065959.0
006 m o d f
007 cr |||||||||||
008 200529s2020 dcua ob f000 0 eng d
035 |a (OCoLC)on1155867906 
040 |a GPO  |b eng  |e rda  |e pn  |c GPO  |d MvI  |d UtOrBLW 
043 |a n-us--- 
049 |a WWW 
074 |a 0524-A-01 (online) 
086 0 |a HE 24.2:C 43/3 
100 1 |a Sorensen, Elaine,  |e author. 
245 1 0 |a Millennials in the child support program /  |c by Elaine Sorensen. 
264 1 |a [Washington, D.C.] :  |b Office of Child Support Enforcement,  |c 2020. 
300 |a 1 online resource (approximately 10 pages) :  |b illustrations. 
336 |a text  |b txt  |2 rdacontent 
337 |a computer  |b c  |2 rdamedia 
338 |a online resource  |b cr  |2 rdacarrier 
490 1 |a Story behind the numbers 
588 |a Description based on online resource, PDF version; title from caption (Administration for Children & Families website, viewed May 27, 2020). 
500 |a "May 2020." 
504 |a Includes bibliographical references. 
650 0 |a Child support  |x Research  |z United States. 
650 0 |a Generation Y  |x Research  |z United States. 
650 0 |a Generations  |v Cross-cultural studies. 
650 0 |a Custody of children  |x Research  |z United States. 
710 1 |a United States.  |b Office of Child Support Enforcement,  |e issuing body.  |0 http://id.loc.gov/authorities/names/n77002198 
830 0 |a Story behind the numbers.  |0 http://id.loc.gov/authorities/names/no2012072578 
856 4 0 |u https://purl.fdlp.gov/GPO/gpo138584  |t 0 
999 f f |s 639212ec-bb88-3973-931e-0be9750c9719  |i b5290184-2db0-3e03-9fd2-79b5dd06a685  |t 0 
952 f f |a Texas A&M University  |b College Station  |c Electronic Resources  |d Available Online  |t 0  |e HE 24.2:C 43/3  |h Superintendent of Documents classification 
998 f f |a HE 24.2:C 43/3  |t 0  |l Available Online